000
00176 a2200085 4500
041
_a
eng
100
_a
Spencer Johnson
245
_a
Harriet Tubman the value of helping
942
_c
BK
999
_c
9546
_d
9546